| 000 | 01560nam a2200469 i 4500 | ||
|---|---|---|---|
| 001 | 27352 | ||
| 003 | KOSZ 005 | ||
| 005 | 20200624113907.0 | ||
| 008 | 010330s1976 pl a f |001 0 pol | ||
| 015 | _aUWD 1977/1167 | ||
| 035 | _a991015951479705066 | ||
| 035 | _a(PL-WaBN)b14282987-48omnis_nlop | ||
| 035 | _ab14282987 | ||
| 035 | _a(OCoLC)749894866 | ||
| 035 | _a(PL)b0000001428298 | ||
| 035 | _a(EXLNZ-48OMNIS_NETWORK)9910059800805606 | ||
| 040 |
_aWA N _cWA N _dKOSZ 005/EG |
||
| 041 | 1 |
_apol _hcze |
|
| 046 | _k1971 | ||
| 080 | _a592/599 | ||
| 080 | _a(084.1) | ||
| 100 | 1 |
_aStaněk, Václav Jan _d(1907-1983) _eAutor |
|
| 245 | 1 | 0 |
_aWielki atlas zwierząt / _cV. J. Stanek ; [przeł. z czes. Tomasz Umiński] |
| 246 | 1 |
_iTyt. oryg.: _aVelký obrazový atlas zvířat, _f1971 |
|
| 250 | _aWyd. 4. | ||
| 260 |
_aWarszawa : _bPańst. Wydaw. Rolnicze i Leśne, _c1976. |
||
| 300 |
_a612 s., [16] k. tabl. kolor. : _bil. ; _c23 cm. |
||
| 336 |
_aTekst _btxt _2rdacontent |
||
| 337 |
_aBez urządzenia pośredniczącego _bn _2rdamedia |
||
| 338 |
_aWolumin _bnc _2rdacarrier |
||
| 380 | _aKsiążki | ||
| 388 | _a1901-2000 | ||
| 388 | _a1945-1989 | ||
| 504 | _aIndeks. | ||
| 655 | 7 |
_aAtlas zwierząt _2DBN |
|
| 658 | _aBiologia | ||
| 700 | 1 |
_aUmiński, Tomasz _d(1931- ) _eTłumaczenie |
|
| 710 | 2 | _aPaństwowe Wydawnictwo Rolnicze i Leśne | |
| 856 |
_uhttp://koha.tu.koszalin.pl/cgi-bin/koha/opac-detail.pl?biblionumber=27352 _yKatalog online BPK |
||
| 942 |
_2UKD _cKS |
||
| 999 |
_c27352 _d27352 |
||